Walking Across Countries by Letter - Statistics

General Stats
  • This quiz has been taken 71 times
  • The average score is 42 of 50
Answer Stats
Country % Correct
U Uganda
98%
M Mozambique
96%
N Niger
96%
R Rwanda
96%
S Sudan
96%
K Kenya
94%
E Eritrea
93%
E Ethiopia
93%
L Libya
93%
M Mali
93%
I Ivory Coast
91%
T Tanzania
91%
B Belarus
87%
B Burkina Faso
87%
F France
87%
L Lithuania
87%
M Morocco
87%
P Poland
87%
A Algeria
85%
A Austria
85%
C Czech Republic
85%
I Italy
85%
R Russia
85%
S Spain
85%
G Guinea
83%
G Guinea Bissau
83%
S Senegal
83%
U Ukraine
83%
H Hungary
81%
M Mauritania
81%
R Romania
81%
I Iraq
80%
K Kuwait
80%
M Montenegro
80%
S Serbia
80%
A Albania
78%
I Iran
78%
S Saudi Arabia
78%
I Israel
76%
J Jordan
76%
K Kazakhstan
76%
N North Macedonia
76%
T Turkey
76%
T Turkmenistan
76%
B Bulgaria
74%
C China
74%
L Laos
74%
S Syria
74%
C Cambodia
72%
T Thailand
67%
No matching quizzes found
Score Distribution
Percent of People with Each Score
Percentile by Number Answered
Your Score History
You have not taken this quiz